000 00424nam a2200121Ia 4500
008 220203s9999 xx 000 0 und d
100 _aK. R. Vijayakumar
245 0 _aProceedings of the International Workshop on Exploitation Technology, 15-18 December 2003, Kottayam, India
260 _bRubber Research Institute of India
_aKottayam
_c2005
700 _aK. Karunaichamy
700 _aK.U.Thomas, R. Rajagopal
942 _cPN
999 _c45231
_d45231